00478nam a2200193Ia 4500001000900000003000500009005001700014008004100031010001100072040000900083082001400092100002300106245006000129260004200189300001100231650001900242650001300261650001000274dia_2177CHAP20221208134402.0220117s1965 xx 000 0 und d a170696 cCHAP a638.1 R64 aRoma Fábrega, A. aMultiplicación del Colmenar /c por A. Roma Fábrega aBarcelona, España :b Sintes,c1965 a2 vols a1.Apicultura/  aAbejas/  aMiel.